[Event "ACL-A038"]
[Site "www.playchess.de"]
[Date "2001.01.24"]
[Round "2"]
[White "michalis"]
[Black "MicronHead"]
[WhiteElo "1631"]
[BlackElo "1455"]
[PlyCount "59"]
[Result "1-0"]

1.e4 c5 2.Nf3 d6 3.d4 cxd4 4.Nxd4 Nf6 5.Nc3 g6 
6.Be3 e5 7.Bb5+ Bd7 8.Nb3 Bxb5 9.Nxb5 Nxe4 10.Qd5 
Qd7 11.Rd1 Be7 12.Na5 a6 13.Nxb7 axb5 14.Nxd6+ 
Nxd6 15.Qxa8 O-O 16.Qd5 Nc6 17.Bc5 Rd8 18.O-O Qb7 
19.Qf3 b4 20.Rd5 f5 21.Rxd6 Rxd6 22.Bxd6 Bxd6 
23.Qd5+ Qf7 24.Qxd6 Qc4 25.Rd1 Qxc2 26.Qd2 Qxd2 
27.Rxd2 Kf8 28.Rc2 Nd4 29.Rc4 b3 
30.a4 1-0

[Event "ACL-A038"]
[Site "www.playchess.de"]
[Date "2001.01.24"]
[Round "3"]
[White "sazex"]
[Black "michalis"]
[WhiteElo "1789"]
[BlackElo "1631"]
[PlyCount "53"]
[Result "1/2-1/2"]

1.e4 c5 2.Nf3 d6 3.d4 cxd4 4.Nxd4 Nf6 5.Nc3 a6 
6.Be2 e5 7.Nf3 h6 8.O-O Be6 9.Be3 Nbd7 10.Nd2 Rc8 
11.f4 exf4 12.Rxf4 Ne5 13.Nb3 Be7 14.Nd4 O-O 
15.Qd2 d5 16.Nxe6 fxe6 17.exd5 Nxd5 18.Rxf8+ Bxf8 
19.Nxd5 Qxd5 20.Qxd5 exd5 21.c3 Nc4 22.Bxc4 dxc4 
23.Rd1 b5 24.Rd7 Re8 25.Kf2 Re7 26.Rd5 Re6 
27.Rd7 1/2-1/2

[Event "ACL-A038"]
[Site "www.playchess.de"]
[Date "2001.01.24"]
[Round "4"]
[White "MicronHead"]
[Black "Pietros"]
[WhiteElo "1455"]
[BlackElo "1500"]
[PlyCount "27"]
[Result "1-0"]

1.e4 c5 2.Nf3 Nc6 3.Bc4 e6 4.Nc3 g6 5.d4 Bg7 6.Bg5 
Qa5 7.Be3 cxd4 8.Nxd4 Nxd4 9.Bxd4 f6 10.O-O e5 
11.Be3 Qb4 12.Nb5 Qa5 13.Qd6 Kd8 
14.Nxa7 1-0

[Event "ACL-A038"]
[Site "www.playchess.de"]
[Date "2001.01.24"]
[Round "5"]
[White "Pietros"]
[Black "sazex"]
[WhiteElo "1500"]
[BlackElo "1789"]
[PlyCount "26"]
[Result "0-1"]

1.e4 e5 2.Bc4 Nf6 3.Nf3 Nxe4 4.Nc3 Nxc3 5.dxc3 f6 
6.O-O d6 7.Re1 c6 8.Rxe5+ dxe5 9.Bf7+ Ke7 10.Qxd8+ 
Kxd8 11.Nxe5 fxe5 12.Bg5+ Be7 13.Rd1+ 
Nd7 0-1

[Event "ACL-A038"]
[Site "www.playchess.de"]
[Date "2001.01.24"]
[Round "6"]
[White "michalis"]
[Black "Pietros"]
[WhiteElo "1631"]
[BlackElo "1500"]
[PlyCount "53"]
[Result "1-0"]

1.e4 e5 2.Nf3 Nc6 3.Bb5 b6 4.O-O Bb7 5.Re1 Nf6 
6.d3 Bc5 7.Bxc6 Bxc6 8.Nxe5 Bd6 9.Nxc6 Bxh2+ 
10.Kxh2 dxc6 11.e5 Nd5 12.Qg4 g6 13.e6 O-O 14.Kg1 
fxe6 15.Qxe6+ Rf7 16.Qxc6 Nb4 17.Qc4 a5 18.Re2 Qd7 
19.Nc3 Kg7 20.Bg5 Re8 21.Rxe8 Qxe8 22.Ne4 Qc6 
23.Qd4+ Kg8 24.Bh6 Nd5 25.c4 Nf6 26.Re1 Ng4 
27.Nf6+ 1-0

[Event "ACL-A038"]
[Site "www.playchess.de"]
[Date "2001.01.24"]
[Round "9"]
[White "Tony"]
[Black "michalis"]
[WhiteElo "1500"]
[BlackElo "1631"]
[PlyCount "73"]
[Result "1-0"]

1.d4 Nf6 2.Nf3 d5 3.e3 g6 4.Bd3 Bg7 5.Nbd2 O-O 
6.Ne5 c5 7.c3 Nbd7 8.f4 c4 9.Bc2 Nxe5 10.fxe5 Bg4 
11.Nf3 Ne4 12.O-O Qd7 13.Qe1 Bxf3 14.gxf3 Ng5 
15.Qh4 f6 16.e4 Nf7 17.exd5 fxe5 18.dxe5 Nxe5 
19.Be4 Nd3 20.Rd1 Nxc1 21.Raxc1 Qd6 22.Qg4 Qb6+ 
23.Kh1 Qxb2 24.Rcb1 Qe2 25.Rdg1 Rf7 26.d6 Be5 
27.Rg2 Qe3 28.Bd5 Qd3 29.Qe4 Qxe4 30.fxe4 Kf8 
31.Bxf7 Kxf7 32.Rf2+ Ke6 33.dxe7 Re8 34.Rxb7 Rxe7 
35.Rxe7+ Kxe7 36.Kg2 h5 37.h3 1-0

[Event "ACL-A038"]
[Site "www.playchess.de"]
[Date "2001.01.24"]
[Round "10"]
[White "Pietros"]
[Black "Tony"]
[WhiteElo "1500"]
[BlackElo "1500"]
[PlyCount "68"]
[Result "1/2-1/2"]

1.e4 c6 2.d4 d5 3.e5 Bf5 4.Nf3 e6 5.Bd3 Bxd3 
6.Qxd3 Qb6 7.Nc3 Nd7 8.Ng5 c5 9.Qf3 Nh6 10.dxc5 
Bxc5 11.O-O Bd4 12.Na4 Qc6 13.Nc3 Nf5 14.Bf4 Nxe5 
15.Bxe5 Bxe5 16.Rfe1 f6 17.Nxe6 Qxe6 18.Nxd5 Rc8 
19.Qb3 Nd4 20.Qxb7 Nxc2 21.Qxg7 Rf8 22.Rac1 Qxd5 
23.Qxh7 Qc4 24.b3 Qb4 25.Red1 Rf7 26.Qg8+ Qf8 
27.Qg4 Bxh2+ 28.Kxh2 Qh6+ 29.Kg1 Rfc7 30.Qe6+ Kf8 
31.Qd6+ Kg8 32.Qe6+ Kh8 33.g3 Qg5 34.Qh3+ 
Kg8 1/2-1/2

[Event "ACL-A038"]
[Site "www.playchess.de"]
[Date "2001.01.24"]
[Round "12"]
[White "chrisg"]
[Black "sazex"]
[WhiteElo "1500"]
[BlackElo "1789"]
[PlyCount "65"]
[Result "1/2-1/2"]

1.e4 e5 2.Nf3 Nc6 3.Bc4 Bc5 4.c3 Nf6 5.d4 exd4 
6.cxd4 Bb4+ 7.Bd2 Nxe4 8.Bxb4 Nxb4 9.Bxf7+ Kxf7 
10.Qb3+ d5 11.Qxb4 Re8 12.O-O a5 13.Qb3 a4 14.Qe3 
Kg8 15.Ne5 c5 16.Nc3 a3 17.Rad1 axb2 18.Nxe4 dxe4 
19.dxc5 Qa5 20.Qb3+ Be6 21.Qxb2 Qxc5 22.Rdc1 Qe7 
23.Rca1 Qf6 24.Qb5 Ref8 25.Nc4 Rad8 26.Ne3 Rd7 
27.Rae1 Rdf7 28.Re2 Ra8 29.Qb4 Rxa2 30.Rxa2 Bxa2 
31.Qa4 Be6 32.Qa8+ Rf8 33.Qxb7 1/2-1/2

[Event "ACL-A038"]
[Site "www.playchess.de"]
[Date "2001.01.24"]
[Round "13"]
[White "michalis"]
[Black "chrisg"]
[WhiteElo "1631"]
[BlackElo "1500"]
[PlyCount "50"]
[Result "1/2-1/2"]

1.e4 e5 2.Nf3 Nc6 3.d4 exd4 4.Nxd4 Nf6 5.Nc3 Bb4 
6.Nxc6 bxc6 7.Qd4 Qe7 8.f3 d5 9.Bg5 c5 10.Bb5+ Kf8 
11.Qd2 d4 12.O-O-O h6 13.Bxf6 gxf6 14.a3 dxc3 
15.Qd8+ Qxd8 16.Rxd8+ Kg7 17.Rxh8 Kxh8 18.axb4 
cxb2+ 19.Kxb2 cxb4 20.Bc6 Rb8 21.Ra1 a6 22.Bd5 f5 
23.Bxf7 fxe4 24.fxe4 Bb7 25.Bd5 
c6 1/2-1/2

[Event "ACL-A038"]
[Site "www.playchess.de"]
[Date "2001.01.24"]
[Round "14"]
[White "chrisg"]
[Black "Pietros"]
[WhiteElo "1500"]
[BlackElo "1500"]
[PlyCount "61"]
[Result "1-0"]

1.e4 e5 2.Nf3 Nc6 3.Bc4 d6 4.c3 Bd7 5.Qb3 Nh6 
6.Qxb7 Na5 7.Qa6 c5 8.Bd5 Rb8 9.d4 Bb5 10.Qxa7 Be7 
11.Bxh6 gxh6 12.dxe5 Qb6 13.Qxb6 Rxb6 14.exd6 Rxd6 
15.Ne5 f6 16.Na3 Ba6 17.Nf7 Rxd5 18.Nxh8 Re5 
19.O-O-O Rxe4 20.Rhe1 Rg4 21.Rd6 Bc8 22.Rxf6 Kd7 
23.Rf7 Nc6 24.g3 Rg8 25.Rxh7 Kc7 26.Rexe7+ Nxe7 
27.Rxe7+ Kb8 28.Nf7 h5 29.Ne5 c4 30.Nc6+ Ka8 
31.Ra7+ 1-0

[Event "ACL-A038"]
[Site "www.playchess.de"]
[Date "2001.01.24"]
[Round "15"]
[White "Tony"]
[Black "chrisg"]
[WhiteElo "1500"]
[BlackElo "1500"]
[PlyCount "92"]
[Result "1/2-1/2"]

1.d4 d5 2.Nf3 Nc6 3.c3 Bf5 4.e3 Qd6 5.Qa4 O-O-O 
6.Bb5 a6 7.Bxc6 Qxc6 8.Qxc6 bxc6 9.Ne5 Nh6 10.Nxc6 
Rd6 11.Ne5 f6 12.Nf3 Rc6 13.O-O e6 14.Nbd2 Bd6 
15.Nh4 Bd3 16.Re1 g5 17.Nhf3 g4 18.Nh4 f5 19.g3 
Nf7 20.Ng2 Ng5 21.Nf4 Bc2 22.Kg2 Re8 23.h4 gxh3+ 
24.e. Nxh3 25.Nxh3 Kxh3 26.e5 Rh1 27.exd4 cxd4 
28.f4 exf4 29.Bxf4 Nf3 30.Bd6 Ng5 31.Re2 Be3 
32.Be7 Nf7 33.Bf5+ g4 34.Be4 Rhe1 35.Rxb2 Kg3 
36.Bb4 Ref1 37.Rc3 Kf4 38.Ra3 f3 39.Bd3 Bc1 
40.Bd2+ Kg3 41.Bxc1 Rfxc1 42.Ra4 Rc5 43.Rxd4 Rac1 
44.Bc4 Rh1 45.Bd3 Rhc1 46.Bc4 Rh1 1/2-1/2

[Event "ACL-A038"]
[Site "www.playchess.de"]
[Date "2001.01.24"]
[Round "16"]
[White "peze"]
[Black "MicronHead"]
[WhiteElo "1901"]
[BlackElo "1455"]
[PlyCount "49"]
[Result "1-0"]

1.e4 c5 2.Nf3 d6 3.d4 cxd4 4.Nxd4 Nf6 5.Nc3 e6 
6.g4 e5 7.Bb5+ Bd7 8.Bxd7+ Nbxd7 9.Nf5 Nc5 10.Bg5 
Rc8 11.Qf3 Ne6 12.Bxf6 Qxf6 13.O-O-O Rc6 14.Nb5 
Nc5 15.Nxa7 Ra6 16.Nb5 Rc6 17.Nfxd6+ Bxd6 18.Qxf6 
gxf6 19.Nxd6+ Rxd6 20.Rxd6 Nxe4 21.Rb6 Nxf2 22.Rf1 
Nxg4 23.Rxb7 Nxh2 24.Rh1 Ng4 25.Rb8+ 1-0

[Event "ACL-A038"]
[Site "www.playchess.de"]
[Date "2001.01.24"]
[Round "17"]
[White "sazex"]
[Black "peze"]
[WhiteElo "1789"]
[BlackElo "1901"]
[PlyCount "80"]
[Result "0-1"]

1.e4 c5 2.Nf3 d6 3.d4 cxd4 4.Nxd4 Nf6 5.Nc3 a6 
6.Be2 e5 7.Nb3 Be7 8.O-O Be6 9.f4 Qc7 10.f5 Bc4 
11.Be3 Nbd7 12.Bxc4 Qxc4 13.Qf3 b5 14.a3 O-O 
15.Rfd1 a5 16.Nd2 Qc6 17.Rdc1 Qb7 18.Rce1 Rfc8 
19.Rac1 b4 20.Nd5 Nxd5 21.exd5 bxa3 22.bxa3 Qb2 
23.c4 Qxa3 24.Rcb1 Rcb8 25.Qe2 Rxb1 26.Nxb1 Qb3 
27.Nd2 Qc2 28.Qf1 a4 29.Rc1 Qb2 30.Rb1 Qc3 31.Qe2 
Nf6 32.Nf1 a3 33.Bd2 Qc2 34.Ra1 a2 35.Ne3 Qb2 
36.Qe1 Ne4 37.Nf1 Nxd2 38.Nxd2 Bg5 39.Nf1 e4 
40.Kh1 e3 0-1

[Event "ACL-A038"]
[Site "www.playchess.de"]
[Date "2001.01.24"]
[Round "18"]
[White "peze"]
[Black "michalis"]
[WhiteElo "1901"]
[BlackElo "1631"]
[PlyCount "53"]
[Result "1-0"]

1.e4 c5 2.Nf3 d6 3.d4 cxd4 4.Nxd4 Nf6 5.Nc3 a6 
6.Be2 e5 7.Nb3 Be7 8.O-O O-O 9.Kh1 Be6 10.f4 Qc7 
11.f5 Bc4 12.g4 d5 13.g5 Nxe4 14.Nxe4 dxe4 15.f6 
Bd8 16.fxg7 Kxg7 17.Bxc4 Qxc4 18.Be3 Be7 19.Nd2 
Qc6 20.c3 Qb5 21.Nxe4 Nc6 22.b3 Rad8 23.Qg4 Rd3 
24.c4 Qb4 25.Qh5 Rxe3 26.Qh6+ Kh8 
27.a3 1-0

[Event "ACL-A038"]
[Site "www.playchess.de"]
[Date "2001.01.24"]
[Round "19"]
[White "Pietros"]
[Black "peze"]
[WhiteElo "1500"]
[BlackElo "1901"]
[PlyCount "64"]
[Result "0-1"]

1.e4 e6 2.Bc4 d5 3.exd5 exd5 4.Qe2+ Be7 5.Bb3 Nf6 
6.d4 O-O 7.Nf3 a5 8.Nc3 Bb4 9.Ba4 Ne4 10.O-O Bxc3 
11.a3 c5 12.bxc3 Nxc3 13.Qd3 Nxa4 14.Ng5 f5 15.Qg3 
cxd4 16.h4 Qf6 17.Bf4 Nc6 18.Rfe1 h6 19.Nf3 Nc3 
20.Ne5 Ne4 21.Qg6 Nxe5 22.Qxf6 gxf6 23.f3 Nc3 
24.Bxh6 Rd8 25.Bf4 Re8 26.Bd2 f4 27.Bxf4 Bf5 
28.Bd2 Nc4 29.Bxc3 dxc3 30.Red1 Rad8 31.Rdb1 Bxc2 
32.Rxb7 Rdb8 0-1

[Event "ACL-A038"]
[Site "www.playchess.de"]
[Date "2001.01.24"]
[Round "20"]
[White "peze"]
[Black "Tony"]
[WhiteElo "1901"]
[BlackElo "1500"]
[PlyCount "37"]
[Result "1/2-1/2"]

1.e4 c6 2.c4 e5 3.Nf3 d6 4.d4 Qb6 5.Be2 Bg4 6.dxe5 
dxe5 7.O-O Bxf3 8.Bxf3 Bc5 9.Nc3 Bd4 10.Qc2 Nf6 
11.Rd1 Nbd7 12.Rb1 Qc5 13.Na4 Qe7 14.b4 O-O 15.Nc3 
Rfd8 16.a4 Rac8 17.a5 b5 18.axb6 e.p 
19.axb6 1/2-1/2

[Event "ACL-A038"]
[Site "www.playchess.de"]
[Date "2001.01.24"]
[Round "21"]
[White "chrisg"]
[Black "peze"]
[WhiteElo "1500"]
[BlackElo "1901"]
[PlyCount "96"]
[Result "0-1"]

1.e4 c6 2.d4 d5 3.e5 Bf5 4.Nf3 e6 5.Bd3 Bxd3 
6.Qxd3 Ne7 7.Bg5 h6 8.Bd2 Nd7 9.Nc3 c5 10.dxc5 Nc6 
11.Qb5 Bxc5 12.Na4 Bd4 13.c3 Bxe5 14.Qxb7 Rc8 
15.O-O Qc7 16.Qxc7 Bxc7 17.Rfe1 g5 18.Rad1 g4 
19.Nd4 Ne7 20.Be3 a6 21.Nb3 Bd6 22.Nb6 Nxb6 
23.Bxb6 e5 24.Kf1 f5 25.g3 Kf7 26.Rd3 h5 27.Be3 
Kf6 28.Ke2 h4 29.Rg1 Rh5 30.Rdd1 Ke6 31.Kd3 Ng8 
32.Rge1 Nf6 33.Nd2 Bc7 34.Nb3 Ne4 35.Rdc1 a5 
36.Nd2 hxg3 37.hxg3 Rh2 38.Nf1 Rg2 39.Re2 Bd6 
40.Rcc2 Bc5 41.Bxc5 Nxc5+ 42.Kd2 a4 43.Ke3 Ne4 
44.a3 Rg1 45.Re1 d4+ 46.Kd3 Nc5+ 47.Kc4 Nb3+ 
48.Kb5 d3 0-1

[Event "HCL-A024"]
[Site "www.playchess.de"]
[Date "2001.01.25"]
[Round "23"]
[White "tyhee"]
[Black "Paynemaster"]
[WhiteElo "2054"]
[BlackElo "1700"]
[PlyCount "41"]
[Result "1-0"]

1.e4 e6 2.d4 d5 3.Nc3 Nf6 4.Bg5 Bb4 5.e5 h6 6.Bd2 
Bxc3 7.Bxc3 Ne4 8.Ne2 Nxc3 9.Nxc3 a6 10.Bd3 c5 
11.dxc5 Nd7 12.Qg4 Qg5 13.Qxg5 hxg5 14.O-O-O Nxc5 
15.f3 Nxd3+ 16.Rxd3 Bd7 17.h3 O-O-O 18.Rhd1 Bc6 
19.Ne2 Bb5 20.Rc3+ Kb8 21.Nd4 1-0

[Event "HCL-A046"]
[Site "www.playchess.de"]
[Date "2001.01.25"]
[Round "25"]
[White "Belka"]
[Black "Gearloose"]
[WhiteElo "1800"]
[BlackElo "2016"]
[PlyCount "37"]
[Result "1-0"]

1.e4 d6 2.d4 Nf6 3.Nc3 Nbd7 4.f4 e5 5.Nf3 c6 
6.dxe5 dxe5 7.fxe5 Ng4 8.e6 fxe6 9.Ng5 Nde5 
10.Qxd8+ Kxd8 11.h3 Nh6 12.Bf4 Ng6 13.O-O-O+ Ke8 
14.Be3 Nf7 15.Nb5 cxb5 16.Bxb5+ Ke7 17.Rhf1 Nd6 
18.Bc5 Kd8 19.Rf7 1-0

[Event "HCL-A046"]
[Site "www.playchess.de"]
[Date "2001.01.25"]
[Round "26"]
[White "paule"]
[Black "Belka"]
[WhiteElo "1819"]
[BlackElo "1800"]
[PlyCount "75"]
[Result "1-0"]

1.e4 c6 2.d4 d5 3.Nc3 dxe4 4.Nxe4 Bf5 5.Ng3 Bg6 
6.h4 h6 7.Nf3 Nd7 8.h5 Bh7 9.Bd3 Bxd3 10.Qxd3 Ngf6 
11.Bf4 e6 12.O-O-O Be7 13.Ne5 O-O 14.c4 c5 15.d5 
Nxe5 16.Bxe5 Ng4 17.Bxg7 Kxg7 18.Qe2 Bg5+ 19.Kb1 
Nf6 20.dxe6 Qc8 21.e7 Re8 22.Rd6 Qg4 23.Qe5 Kg8 
24.Re1 Nd7 25.Rxd7 Qxd7 26.Nf5 f6 27.Qd5+ Qxd5 
28.cxd5 Bd2 29.Re4 b5 30.d6 Ba5 31.Nxh6+ Kh7 
32.Nf5 Bd8 33.d7 Rxe7 34.Nxe7 a5 35.Nc6 Bc7 36.Re8 
Ra6 37.Rc8 Rxc6 38.Rxc7 1-0

[Event "HCL-A048"]
[Site "www.playchess.de"]
[Date "2001.01.25"]
[Round "1"]
[White "sazex"]
[Black "nomad"]
[WhiteElo "1642"]
[BlackElo "1675"]
[PlyCount "53"]
[Result "1-0"]

1.e4 e5 2.Nf3 Nc6 3.Bb5 a6 4.Ba4 d6 5.O-O Bg4 6.d3 
Nf6 7.Bxc6+ bxc6 8.c3 d5 9.Qa4 dxe4 10.Nxe5 Qd6 
11.Nxg4 Nxg4 12.Qxe4+ Qe6 13.Re1 O-O-O 14.Qxe6+ 
fxe6 15.d4 c5 16.h3 Nf6 17.Rxe6 cxd4 18.Rxa6 Kb7 
19.Re6 d3 20.a4 Rd6 21.Re1 Nd7 22.a5 Nc5 23.Be3 
Nb3 24.Ra3 d2 25.Rxb3+ Ka6 {Ouch!}  26.Nxd2 Re6 
27.Rb8 1-0

[Event "HCL-A050"]
[Site "www.playchess.de"]
[Date "2001.01.25"]
[Round "7"]
[White "Paynemaster"]
[Black "Matti"]
[WhiteElo "1206"]
[BlackElo "1700"]
[PlyCount "20"]
[Result "0-1"]

1.d4 d5 2.c4 c6 3.Nc3 Nf6 4.Bf4 e6 5.Nf3 Bb4 6.Qb3 
Bxc3+ 7.bxc3 b6 8.e3 Nbd7 9.Bd6 Ne4 10.Ba3 
Bb7 0-1

[Event "HCL-A062"]
[Site "www.playchess.de"]
[Date "2001.01.25"]
[Round "5"]
[White "Savage"]
[Black "Rifleman"]
[WhiteElo "1484"]
[BlackElo "1700"]
[PlyCount "40"]
[Result "0-1"]

1.e4 e5 2.Nf3 Nc6 3.Bb5 Nf6 4.O-O Bc5 5.Nxe5 Qe7 
6.Bxc6 Qxe5 7.Bd5 d6 8.Nc3 c6 9.Bb3 O-O 10.h3 Bxh3 
11.Qf3 Bg4 12.Qd3 Nh5 13.Qc4 b5 14.Nxb5 cxb5 
15.Qxb5 Ng3 16.d4 Bxd4 17.Qxe5 dxe5 18.Re1 Ne2+ 
19.Kf1 Nxc1 20.Raxc1 Bxb2 0-1

[Event "HCL-B094"]
[Site "www.playchess.de"]
[Date "2001.01.25"]
[Round "16"]
[White "Gandalf_9417"]
[Black "jack-up"]
[WhiteElo "1200"]
[BlackElo "1412"]
[PlyCount "67"]
[Result "1-0"]

1.e4 c5 2.c3 g6 3.d4 d6 4.dxc5 e5 5.Bc4 Qc7 6.Qa4+ 
Bd7 7.Qb3 Be6 8.Bxe6 fxe6 9.Qxe6+ Be7 10.cxd6 Qxd6 
11.Qc8+ Bd8 12.Qxb7 Bg5 13.Bxg5 Qb6 14.Qxb6 axb6 
15.Nf3 Nd7 16.O-O Ne7 17.Nbd2 h6 18.Bxe7 Kxe7 
19.Rfd1 Ke6 20.Nc4 b5 21.Na3 Rab8 22.Rd5 b4 
23.cxb4 Rxb4 24.Re1 Rxb2 25.Nc4 Rxa2 26.Ncxe5 Nb6 
27.Rd6+ Kxd6 28.Nf7+ Ke6 29.Nxh8 Kf6 30.e5+ Kg7 
31.e6 Nd5 32.Nxg6 Kxg6 33.e7 Nxe7 
34.Rxe7 1-0

[Event "HCL-B115"]
[Site "www.playchess.de"]
[Date "2001.01.25"]
[Round "12"]
[White "Vampir"]
[Black "FrancoMatt"]
[WhiteElo "1500"]
[BlackElo "1500"]
[PlyCount "35"]
[Result "1-0"]

1.d4 e6 2.c4 Qh4 3.Nf3 Qf6 4.Nc3 Ne7 5.e4 h6 6.Bd3 
d6 7.e5 dxe5 8.dxe5 Qg5 9.Nxg5 hxg5 10.Bxg5 g6 
11.Ne4 Bg7 12.Bf6 Bxf6 13.Nxf6+ Kf8 14.Be4 Kg7 
15.h4 Na6 16.h5 Nc5 17.h6+ Kf8 
18.Qd8+ 1-0

[Event "HCL-B135"]
[Site "www.playchess.de"]
[Date "2001.01.25"]
[Round "32"]
[White "liero"]
[Black "Deppenhaufen"]
[WhiteElo "1200"]
[BlackElo "1500"]
[PlyCount "32"]
[Result "0-1"]

1.e4 e6 2.d4 d5 3.e5 c5 4.c3 Nc6 5.Bb5 Qb6 6.Bxc6+ 
bxc6 7.Nf3 Ba6 8.a3 cxd4 9.Nxd4 Ne7 10.b4 Ng6 
11.Be3 Qb7 12.Nb3 Nxe5 13.Qd4 Qb5 14.Qd2 Nd3+ 
15.Kf1 Nc1+ 16.Kg1 Qf1+ 0-1

[Event "HCL-B142"]
[Site "www.playchess.de"]
[Date "2001.01.25"]
[Round "30"]
[White "Jeff_Foster"]
[Black "nadavies_uk"]
[WhiteElo "1272"]
[BlackElo "1355"]
[PlyCount "23"]
[Result "1-0"]

1.e4 c5 2.Nf3 d6 3.d4 cxd4 4.Nxd4 f6 5.Bb5+ Bd7 
6.Ne6 Qa5+ 7.Bd2 Qb6 8.Be3 Qa5+ 9.Nc3 Bxb5 10.Qh5+ 
g6 {chaeting cnut!}  11.Qxb5+ {humph!  sore loser 
eh?  now whose got the goats?  rye bread and 
ketchup?}  Qxb5 {I really can't be arsed to take 
part in this malevolant charade :)}  
12.Nxb5 1-0

[Event "HCL-C064"]
[Site "www.playchess.de"]
[Date "2001.01.25"]
[Round "1"]
[White "Mystery"]
[Black "riedemann"]
[WhiteElo "1000"]
[BlackElo "1000"]
[PlyCount "42"]
[Result "0-1"]

1.e4 d5 2.exd5 Qxd5 3.Nc3 Qd8 4.Nf3 Nf6 5.Bc4 Nc6 
6.d4 e5 7.Be3 Bg4 8.Be2 Bxf3 9.Bxf3 exd4 10.Bxc6+ 
bxc6 11.Bxd4 c5 12.Qe2+ Be7 13.Bxc5 Ng8 14.O-O Kf8 
15.Rad1 Bd6 16.Ne4 Qe7 17.Bxd6 cxd6 18.Rxd6 Nf6 
19.Rd4 Qe6 20.b3 Ke7 21.Qd3 Rhd8 0-1

[Event "HCL-C083"]
[Site "www.playchess.de"]
[Date "2001.01.25"]
[Round "33"]
[White "Buzzard"]
[Black "comitnt014"]
[WhiteElo "946"]
[BlackElo "998"]
[PlyCount "40"]
[Result "0-1"]

1.e4 e5 2.Nf3 d6 3.Bc4 Nf6 4.Kf1 Nxe4 5.Ng5 Qxg5 
6.d3 Qh4 7.Qf3 Ng5 8.Qd5 Ne6 9.Nc3 c6 10.Qf3 d5 
11.Bb3 Nd4 12.Qf5 Bxf5 13.Be3 Bb4 14.g3 Bh3+ 
15.Ke1 Nf3+ 16.Ke2 Qf6 17.Na4 e4 18.dxe4 dxe4 
19.Rhd1 Nxh2 20.Nc5 Qf3+ 0-1

[Event "HCL-C091"]
[Site "www.playchess.de"]
[Date "2001.01.25"]
[Round "2"]
[White "ROBIN"]
[Black "flywheel"]
[WhiteElo "1059"]
[BlackElo "1382"]
[PlyCount "128"]
[Result "1/2-1/2"]

1.e4 e5 2.Nf3 Nc6 3.d3 Bb4+ 4.c3 Ba5 5.Be2 d6 6.b4 
Bb6 7.O-O Nf6 8.Bg5 d5 9.exd5 Qxd5 10.c4 Qd6 
11.Nc3 Nxb4 12.Nb5 Qe6 13.Qa4 a5 14.c5 O-O 15.cxb6 
Qxb6 16.Be3 c5 17.Nxe5 Re8 18.d4 Re7 19.Bc4 Be6 
20.dxc5 Qd8 21.Rad1 Qb8 22.Nd6 Bxc4 23.Nexc4 Ne4 
24.Qb5 Nxd6 25.cxd6 Re6 26.d7 Nc6 27.Bb6 Nd8 
28.Rd2 Rh6 29.g3 Nc6 30.Re1 Re6 31.Red1 g6 32.Kg2 
Nd8 33.Nxa5 Qe5 34.Qb4 Qe4+ 35.Qxe4 Rxe4 36.Nxb7 
Nxb7 37.Bd4 h5 38.Bf6 Kh7 39.d8Q Nxd8 40.Bxd8 Rea4 
41.Bf6 R4xa2 42.R2d7 R8a7 43.R7d8 g5 44.Bxg5 f6 
45.Bxf6 Rf7 46.R1d7 Rxd7 47.Rxd7+ Kg6 48.Rd6 Kf5 
49.Bh8 Ke4 50.g4 hxg4 51.Kg3 Ra3+ 52.Kxg4 Ra4 
53.f3+ Ke3+ 54.Kg3 Ra8 55.Bd4+ Ke2 56.h4 Rg8+ 
57.Rg6 Rxg6+ 58.Kf4 Rd6 59.Kg4 Rxd4+ 60.f4 Ke3 
61.h5 Rxf4+ 62.Kg5 Ra4 63.h6 Ke4 64.h7 
Ra8 1/2-1/2

[Event "HCL-C104"]
[Site "www.playchess.de"]
[Date "2001.01.25"]
[Round "3"]
[White "jayr015"]
[Black "ROBIN"]
[WhiteElo "1487"]
[BlackElo "1074"]
[PlyCount "127"]
[Result "1-0"]

1.e4 e5 2.Nf3 Nf6 3.Nc3 Bc5 4.Nxe5 O-O 5.Bd3 Nc6 
6.Nxc6 dxc6 7.Qf3 Bg4 8.Qf4 Bd6 9.e5 Qe7 10.O-O 
Bxe5 11.Qg5 h6 12.Qe3 Be6 13.Qxe5 Ng4 14.Qe4 f5 
15.Qf3 Qh4 16.h3 Ne5 17.Re1 Nxf3+ 18.gxf3 Rae8 
19.b3 Qxh3 20.Bf1 Qxf3 21.Re3 Qg4+ 22.Rg3 Qd4 
23.Bb2 Qxd2 24.Rc1 f4 25.Rd3 Qxd3 26.cxd3 f3 
27.Re1 b5 28.Rc1 c5 29.Nxb5 a5 30.Nxc7 Re7 31.Nb5 
g5 32.Rxc5 a4 33.bxa4 Bxa2 34.Nc3 Bb1 35.Nxb1 Re1 
36.Nc3 g4 37.Ne4 Rf4 38.a5 Rb1 39.Rc8+ Kf7 40.Nd6+ 
Ke6 41.Ba3 Ra4 42.Nc4 h5 43.Bf8 Raa1 44.Nd2 Rbd1 
45.Re8+ Kf7 46.Rc8 Rxd2 47.Bb4 Rxd3 48.Rc7+ Kf6 
49.Bf8 h4 50.Bg7+ Kf5 51.Bxa1 Ra3 52.Rc5+ Ke4 
53.Re5+ Kf4 54.Re6 Rxa1 55.a6 g3 56.Rf6+ Kg5 
57.Rxf3 Rxa6 58.Bxa6 Kg4 59.Bb7 g2 60.Kxg2 Kg5 
61.Rf8 Kg4 62.f4 h3+ 63.Kh2 Kh4 
64.Rg8 1-0

[Event "HCL-C106"]
[Site "www.playchess.de"]
[Date "2001.01.25"]
[Round "11"]
[White "Smutje"]
[Black "Trickster"]
[WhiteElo "1000"]
[BlackElo "1000"]
[PlyCount "45"]
[Result "1-0"]

1.e4 e5 2.Qf3 d5 3.exd5 Nf6 4.Nc3 Bg4 5.Qe3 Nbd7 
6.h3 Bc5 7.Qg3 Rf8 8.hxg4 Nb6 9.Qxe5+ Be7 10.Nb5 
Nfxd5 11.c4 f6 12.Qe6 Qd7 13.Qe4 Nb4 14.Qxh7 a6 
15.a3 Nc6 16.Nc3 Ne5 17.Qxg7 Nexc4 18.Be2 Qd4 
19.Rh7 Qd6 20.d3 Ne5 21.Ne4 Nxd3+ 22.Kf1 Qd4 
23.Qxe7+ 1-0

[Event "HCL-C107"]
[Site "www.playchess.de"]
[Date "2001.01.25"]
[Round "7"]
[White "stlopez"]
[Black "sonnygarcia"]
[WhiteElo "1000"]
[BlackElo "1078"]
[PlyCount "20"]
[Result "0-1"]

1.e4 e6 2.d3 d5 3.f3 c5 4.c4 Nc6 5.Qa4 Bd7 6.Nh3 
Nd4 7.Qd1 Nf6 8.Na3 Be7 9.Nb5 Nxb5 10.a4 
Nd4 0-1

[Event "HCL-C107"]
[Site "www.playchess.de"]
[Date "2001.01.25"]
[Round "11"]
[White "sonnygarcia"]
[Black "Frenzy"]
[WhiteElo "1078"]
[BlackElo "1000"]
[PlyCount "21"]
[Result "1-0"]

1.e4 e5 2.Nf3 Bc5 3.Nxe5 Qh4 4.Qf3 Qf6 5.Qxf6 gxf6 
6.Nf3 b6 7.d4 Bb4+ 8.c3 Bd6 9.Be3 Nc6 10.Bb5 Na5 
11.b4 1-0

[Event "HCL-C113"]
[Site "www.playchess.de"]
[Date "2001.01.25"]
[Round "9"]
[White "Zeus"]
[Black "auge"]
[WhiteElo "1000"]
[BlackElo "1000"]
[PlyCount "40"]
[Result "1-0"]

1.e4 e5 2.Nf3 Nc6 3.Bc4 Bc5 4.c3 Nf6 5.d4 Bd6 
6.Ng5 O-O 7.f4 exf4 8.O-O h6 9.Nxf7 Rxf7 10.Bxf7+ 
Kxf7 11.e5 Nxe5 12.Qb3+ Kf8 13.dxe5 Bxe5 14.Bxf4 
Bxf4 15.Rxf4 Qe8 16.Na3 Qe3+ 17.Rf2 {Welcome back. 
 How are you doing?}  Ke7 {well, well... not so 
good at this moment.}  18.Nb5 {sorry to hear that} 
 c6 19.Qa3+ Ke6 20.Nc7+ Ke5 1-0

[Event "HCL-C116"]
[Site "www.playchess.de"]
[Date "2001.01.25"]
[Round "11"]
[White "rafita"]
[Black "dakini"]
[WhiteElo "1243"]
[BlackElo "1604"]
[PlyCount "47"]
[Result "1-0"]

1.d4 d5 2.Nf3 Nc6 3.Bf4 Nf6 4.e3 e6 5.c4 Bb4+ 
6.Nc3 Ne4 7.Qc2 h6 8.a3 Bxc3+ 9.bxc3 O-O 10.Bd3 
Re8 11.Bxe4 dxe4 12.Qxe4 f5 13.Qd3 b6 14.O-O Bb7 
15.d5 e5 16.Qxf5 exf4 17.dxc6 Bxc6 18.Qxf4 Re4 
19.Qf5 Qe7 20.Nd4 Bd7 21.Qd5+ Kh7 22.Qxa8 Qg5 
23.Qxe4+ Bf5 {never drink too much alcohol before 
playing chess! Next move I will resign! Sorry!}  
24.Qxf5+ 1-0

[Event "HCL-C117"]
[Site "www.playchess.de"]
[Date "2001.01.25"]
[Round "34"]
[White "babycakes"]
[Black "Optimo"]
[WhiteElo "1000"]
[BlackElo "1276"]
[PlyCount "40"]
[Result "0-1"]

1.e4 e5 2.b3 Nf6 3.d3 d5 4.Nc3 Bb4 5.Bd2 dxe4 
6.Nxe4 Bxd2+ 7.Nxd2 Qd4 8.c3 Qxc3 9.Rc1 Qa5 10.a4 
O-O 11.Ngf3 Bg4 12.Be2 Re8 13.O-O Nc6 14.Nc4 Qc5 
15.Ncxe5 Qd6 16.Nc4 Qe6 17.Ng5 Qxe2 18.f3 Qxd1 
19.Rcxd1 Be6 20.Na5 Nxa5 0-1

[Event "HCL-C118"]
[Site "www.playchess.de"]
[Date "2001.01.25"]
[Round "4"]
[White "JensAnd"]
[Black "engmohd"]
[WhiteElo "1317"]
[BlackElo "1000"]
[PlyCount "42"]
[Result "0-1"]

1.f4 Nf6 2.Nf3 g6 3.e3 Bg7 4.Be2 d5 5.O-O O-O 6.d3 
c5 7.Qe1 Nc6 8.a4 Qd6 9.Qh4 Bf5 10.Nc3 Nb4 11.Nb5 
Qb6 12.c3 Nxd3 13.Bxd3 Bxd3 14.Rd1 Bxb5 15.axb5 
Qxb5 16.Ne5 Rfd8 17.g4 Ne4 18.c4 Qb3 19.Rd3 {Hi 
again!}  Qc2 {hi  :)}  20.Rda3 Qd1+ 21.Kg2 
dxc4 0-1

[Event "HCL-C120"]
[Site "www.playchess.de"]
[Date "2001.01.25"]
[Round "22"]
[White "vulcan"]
[Black "monching"]
[WhiteElo "988"]
[BlackElo "1000"]
[PlyCount "56"]
[Result "0-1"]

1.e4 e5 2.Nf3 d6 3.d4 Bg4 4.dxe5 Bxf3 5.Qxf3 dxe5 
6.Bc4 Nf6 7.Qb3 Bc5 8.Bxf7+ Kf8 9.Qxb7 Kxf7 
10.Qxa8 Bxf2+ 11.Ke2 Qd4 12.Rd1 Qc4+ 13.Kxf2 Qxc2+ 
14.Rd2 Nxe4+ 15.Ke3 Nxd2 16.Qd5+ Kf6 17.Qxd2 Qc5+ 
18.Ke2 Nc6 19.Qg5+ Ke6 20.Qg4+ Kd6 21.Be3 Qb5+ 
22.Ke1 Nb4 23.Qd1+ Ke7 24.Bg5+ Ke6 25.Qg4+ Kd6 
26.Nc3 Nc2+ 27.Kf2 Rf8+ 28.Kg3 
Qd3+ 0-1